书目信息 |
| 题名: |
近代干涉仪
|
|
| 作者: | C·坎恩达勒 著 | |
| 分册: | ||
| 出版信息: | 上海 上海科学技术出版社 1959.10 |
|
| 页数: | 598页 | |
| 开本: | 20cm | |
| 丛书名: | ||
| 单 册: | ||
| 中图分类: | TH744.3 | |
| 科图分类: | ||
| 主题词: | 光学仪器 | |
| 电子资源: | ||
| ISBN: | ||
| 000 | 00561nam0 2200205 450 | |
| 001 | 0659130154 | |
| 005 | 20060820162727.14 | |
| 010 | @dCNY3.15 | |
| 091 | @a13119.281 | |
| 100 | @a20060820d1959 km y0chiy0120 ea | |
| 101 | 0 | @achi |
| 102 | @aCN@b310000 | |
| 200 | 1 | @a近代干涉仪@Ajin dai gan she yi@fC·坎恩达勒 著@FC·kan en da le zhu |
| 210 | @a上海@c上海科学技术出版社@d1959.10 | |
| 215 | @a598页@d20cm | |
| 606 | 0 | @a光学仪器 |
| 690 | @aTH744.3@v3 | |
| 701 | 0 | @aC·坎恩达勒@AC·kan en da le@4著 |
| 801 | 0 | @aCN@bPFT@c20060820 |
| 905 | @a10447@dTH744.3@e48 | |
| 近代干涉仪/C·坎恩达勒 著.-上海:上海科学技术出版社,1959.10 |
| 598页;20cm |
| ISBN :CNY3.15 |
| ● |
| 相关链接 |
|
|
|
|
正题名:近代干涉仪
索取号:TH744.3/48
 
预约/预借
| 序号 | 登录号 | 条形码 | 馆藏地/架位号 | 状态 | 备注 |
| 1 | 0470469 | 204704695 | 密集书库/ [索取号:TH744.3/48] | 在馆 |